00685cam a22002057a 4500003000400000005001700004008004100021020001800062040002400080100002900104245008100133260004800214300003900262490003600301600002900337650002400366650002500390700001700415710004700432OSt20181205112141.0181129s2015 fr 000 0 fre d a9782362200359 aES-BaUABbcatcCDMR1 aCapa, Robert,d1913-195410aRobert Capab: 100 photographs pour la liberté de la pressec/ Robert Capa aParis :bReporters sans frontières,c2015 a168 p. :bil·lustracions ;c26 cm aReporters without borders ;v5014aCapa, Robert,d1913-195404aLlibertat de premsa 4aFotografia de guerra1 aCapa, Robert2 aReporters sans frontières (Associació)